| 000 -CABECERA |
| Campo de control de longitud fija |
01294nam a22003017a 4500 |
| 003 - IDENTIFICADOR DEL NÚMERO DE CONTROL |
| Campo de control |
OSt |
| 005 - FECHA Y HORA DE LA ÚLTIMA TRANSACCIÓN |
| Campo de control |
20260416161541.0 |
| 008 - CÓDIGOS DE INFORMACIÓN DE LONGITUD FIJA |
| Campo de control de longitud fija |
260409t1981 xxu||||| |||| 00| 0 spa d |
| 020 ## - NÚMERO INTERNACIONAL NORMALIZADO PARA LIBROS (ISBN) |
| Número Internacional Normalizado para Libros (ISBN) |
9681605667 |
| 040 ## - FUENTE DE LA CATALOGACIÓN |
| Centro catalogador de origen |
Unicoc |
| Lengua de catalogación |
spa |
| Centro que cataloga |
Bogotá (Dr. David Ordóñez Rueda) - Campus Norte |
| Centro modificador |
Bogotá (Dr. David Ordóñez Rueda) - Campus Norte |
| 082 ## - NÚMERO DE LA CLASIFICACIÓN DECIMAL DEWEY |
| Número de clasificación |
153.8 |
| 100 ## - PUNTO DE ACCESO PRINCIPAL - NOMBRE DE PERSONA |
| 9 (RLIN) |
12877 |
| Nombre de persona |
Thoresen, Carl E. |
| 245 ## - MENCIÓN DE TÍTULO |
| Título |
Autocontrol de la conducta |
| 250 ## - MENCIÓN DE EDICIÓN |
| Mención de edición |
1 Ed. |
| 260 ## - PUBLICATION, DISTRIBUTION, ETC. (IMPRINT) |
| Lugar de publicación distribución etc. |
México : |
| Nombre del editor distribuidor etc. |
Fondo de Cultura Económica , |
| Fecha de publicación distribución etc. |
1981. |
| 300 ## - DESCRIPCIÓN FÍSICA |
| Extensión |
272 páginas |
| Otras características físicas |
Tablas, gráficas |
| 500 ## - NOTA GENERAL |
| Nota general |
Incluye Índice y Bibliografía |
| 505 ## - NOTA DE CONTENIDO CON FORMATO |
| Título |
I. El autocontrol una introducción. -- |
| -- |
II. Problemas metodológicos del autocontrol. -- |
| -- |
III. La autoobservación. -- |
| -- |
IV. La autorrecompensa. -- |
| -- |
V. El autocastigo y la autorregulación revulsiva. -- |
| -- |
VI. Autocontrol encubierto. -- |
| -- |
VII. Resumen e implicaciones. |
| 526 ## - NOTA DE INFORMACIÓN SOBRE EL PROGRAMA DE ESTUDIO |
| Institución que aplica el campo |
Unicoc |
| 546 ## - NOTA DE LENGUA |
| Nota de lengua |
Español |
| 650 #0 - PUNTO DE ACCESO ADICIONAL DE MATERIA - TÉRMINO DE MATERIA |
| 9 (RLIN) |
12878 |
| Término de materia o nombre geográfico como elemento inicial |
Autocontrol |
| 650 #0 - PUNTO DE ACCESO ADICIONAL DE MATERIA - TÉRMINO DE MATERIA |
| 9 (RLIN) |
12879 |
| Término de materia o nombre geográfico como elemento inicial |
Modificación de la Conducta |
| 650 #0 - PUNTO DE ACCESO ADICIONAL DE MATERIA - TÉRMINO DE MATERIA |
| 9 (RLIN) |
9335 |
| Término de materia o nombre geográfico como elemento inicial |
Conducta (Psicología) |
| 658 #0 - TÉRMINO DE INDIZACIÓN - OBJETIVO CURRICULAR |
| 9 (RLIN) |
10741 |
| Programa Académico |
Programa de Psicología |
| 700 ## - PUNTO DE ACCESO ADICIONAL - NOMBRE DE PERSONA |
| 9 (RLIN) |
12880 |
| Nombre de persona |
Mahoney, Michael J. |
| 856 ## - LOCALIZACIÓN Y ACCESO ELECTRÓNICOS |
| Texto del enlace |
Acceso online exclusivo para comunidad Unicoc. |
| Identificador Uniforme del Recurso (URI) |
https://unicoceduco-my.sharepoint.com/:b:/g/personal/direccionbiblioteca_unicoc_edu_co/IQBs0UzQmre-TZjHfZwKs2-EASi4we-mLe1cvVANINNpFws |
| 942 ## - ENTRADA PARA ELEMENTOS AGREGADOS (KOHA) |
| Fuente de clasificación o esquema de ordenación en estanterías |
|
| Koha [por defecto] tipo de item |
Libro electrónico |